Giras técnicas "herramientas de manejo del paisaje como estrategia para la conservación de la biodiversidad" (Registro nro. 6369)

Detalles MARC
000 -CABECERA
Campo de control 01498nam a2200277 a 4500
005 - FECHA Y HORA DE LA ULTIMA TRANSACCION
Campo de control 20200603130846.0
008 - ELEMENTOS DE LONGITUD FIJA—INFORMACION GENERAL
Campo de control 140128b2006 CK ||||| |||| 00| 0 spa d
040 ## - FUENTE DE CATALOGACIÓN
Agencia catalogadora original CO-BoIAVH
Agencia transcriptora CO-BoIAVH
041 ## - IDIOMA
Código de idioma para texto/pista de sonido o título separado Español
044 ## - PAÍS DE PUBLICACIÓN
País de publicación Colombia
090 ## - CLASIFICACIÓN LOCAL
Colección IAVH
Consecutivo 00913
100 ## - ASIENTO PRINCIPAL--NOMBRE PERSONAL
Nombre personal Cuadros , Gladis
245 ## - MENCION DE TITULO
Título Giras técnicas "herramientas de manejo del paisaje como estrategia para la conservación de la biodiversidad"
260 ## - PUBLICACION, DISTRIBUCION, ETC. (PIE DE IMPRENTA)
Lugar de publicación, distribución, etc. Armenia
Nombre del editor, distribuidor, etc. Instituto Alexander von Humboldt
-- Asociación Red Colombiana de Reservas Naturales de la Sociedad Civil
Fecha de publicación, distribución, etc. 2006
300 ## - DESCRIPCION FISICA
Extensión 73 p.
520 ## - NOTA DE RESUMEN, ETC.
Nota de resumen Contiene el documento de contenidos mínimos y mensajes claves para la orientación de las giras, la agenda (fechas, horas, temas, recorridos, lugares, metodología y responsables), el sistema de evaluación técnica de la efectividad de la gira (formatos y análisis), expectativas y listados de participantes (incluye directorio), registro fotográfico, propuesta de estructura para la inclusión de las giras en el circuito agroecoturístico que diseñan Resnatur y Agroecotur y folleto promocional de las giras
650 ## - ASIENTO SECUNDARIO DE MATERIA - TERMINO TEMATICO
Término temático o nombre geográfico como elemento de entrada Herramientas de manejo / conservación / paisaje rural / biodiversidad
650 ## - ASIENTO SECUNDARIO DE MATERIA - TERMINO TEMATICO
Término temático o nombre geográfico como elemento de entrada Conservación
650 ## - ASIENTO SECUNDARIO DE MATERIA - TERMINO TEMATICO
Término temático o nombre geográfico como elemento de entrada Paisaje rural
650 ## - ASIENTO SECUNDARIO DE MATERIA - TERMINO TEMATICO
Término temático o nombre geográfico como elemento de entrada Biodiversidad
700 ## - ASIENTO SECUNDARIO - NOMBRE PERSONAL
Nombre personal Uribe Restrepo, Daniel
700 ## - ASIENTO SECUNDARIO - NOMBRE PERSONAL
Nombre personal López Guzmán, Jorge Hernán
700 ## - ASIENTO SECUNDARIO - NOMBRE PERSONAL
Nombre personal Torres López, Jhon Jairo
942 ## - ELEMENTOS ADICIONALES (KOHA)
Tipo de ítem CD-ROM
Sistema de clasificación Local
945 ## - PROCESAMIENTO LOCAL
AAAA-MM-DD - Fecha de ingreso o modificacion 2008-07-04
Existencias
Withdrawn status Lost status Sistema de Clasificación Damaged status No para préstamo Colección Inventariado Ubicación Permanente Ubicación actual Fecha de adquisición Total Checkouts Número topográfico Inventario / Código de Barras Date last seen Ejemplar Price effective from Tipo de material Forma de adquisición
    Local     Humboldt Inventariado 2017 Bogotá Bogotá 04/07/2008   IAVH-00913 026102 09/08/2024 Ej. 2 04/12/2012 Informe Técnico  
    Local     Humboldt Inventariado 2017 Bogotá Bogotá 05/09/2008   IAVH-00913 026360 09/08/2024 Ej. 1 04/12/2012 Informe Técnico  
    Dewey Decimal Classification     Humboldt Inventariado 2017 Bogotá Bogotá 19/11/2013   IAVH-00913 059327 09/08/2024 Ej. 3 03/06/2020 Informe Técnico